| 000 | nam a22 7a 4500 | ||
|---|---|---|---|
| 999 |
_c127427 _d127427 |
||
| 008 | 180117b xxu||||| |||| 00| 0 eng d | ||
| 050 | _aPQ4302.P284 | ||
| 100 |
_aAlighieri, Dante _938612 |
||
| 245 |
_aCommedia _cDante Alighieri |
||
| 260 |
_aItaly _bGarzanti _c1987 |
||
| 300 |
_aclxxxii, 1527p. ; _c19cm. |
||
| 700 |
_aPasquini, Emilio (ed.) _938613 |
||
| 942 |
_2lcc _cMONOGRAPH |
||